|
|
|
|
| LEADER |
00000cam a2200000 7i4500 |
| 001 |
0000001047 |
| 005 |
20020711.0 |
| 020 |
0 |
0 |
|a 0226103897
|
| 090 |
0 |
0 |
|a R808.0270973
|b CHI 1993
|
| 245 |
0 |
4 |
|a The CHICAGO manual of style
|
| 260 |
0 |
0 |
|a Chicago :
|b University of Chicago Press ,
|c 1993
|
| 300 |
|
|
|a ix, 921 p. ;
|c 24 cm.
|
| 500 |
0 |
0 |
|a Includes bibliographical references and index
|
| 650 |
0 |
0 |
|a Authorship
|x Handbooks, manuals, etc.
|
| 650 |
0 |
0 |
|a Printing, Practical
|z United States
|x Style manuals
|
| 650 |
0 |
0 |
|a Publishers and publishing
|z United States
|x Handbooks, manuals, etc.
|
| 998 |
|
|
|a JPSM
|
| 999 |
|
|
|a 0000000170
|b Monograph
|c Reference
|e Default branch
|
| 999 |
|
|
|a 0000000741
|b Monograph
|c Open Shelf
|e Default branch
|